000 00571nam a2200157 a 4500
008 120416s0000 ||||||||||||||||| || u
020 _a9027934401
050 _aNA 2543.S6 Ank
100 _aAnkerl, Guy
245 1 0 _aExperimental sociology of architecture
246 _aa guide to theory, research and literature
260 _aThe Hague
_bMouton
_c1981
300 _axviii, 549p. : ill.
350 _a0.00
995 _D0.00
_FCBU-MAIN LIBRARY (Kitwe)
_H1
_I45.75
_M1
_UAVAILABLE
_ZMain Library Open Access Collection
999 _c42899
_d42899